Historia de la reforma agraria en Chile
Gorde:
| Egile Nagusiak: | , |
|---|---|
| Beste egile batzuk: | |
| Formatua: | Liburua |
| Hizkuntza: | gaztelania |
| Argitaratua: |
Santiago, Chile
Universitaria
1988
|
| Saila: | Colección Imagen de Chile
|
| Gaiak: | |
| Etiketak: |
Etiketa erantsi
Etiketarik gabe, Izan zaitez lehena erregistro honi etiketa jartzen!
|
MARC
| LEADER | 00000nam a2200000 a 4500 | ||
|---|---|---|---|
| 001 | UCV7150 | ||
| 003 | CL-VaPUC | ||
| 005 | 20240307170700.0 | ||
| 008 | 881221e19880000CL |||||||||||||||||spa|d | ||
| 999 | |c 212878 |d 212876 | ||
| 040 | |c Pontificia Universidad Católica de Valparaíso | ||
| 082 | 0 | 4 | |a 333.3183 GAR 1988 |2 21 |
| 100 | |a Garrido Rojas, José |e autor |9 471064 | ||
| 245 | 1 | 0 | |a Historia de la reforma agraria en Chile |
| 260 | |a Santiago, Chile |b Universitaria |c 1988 | ||
| 300 | |a 272 páginas | ||
| 490 | 0 | |a Colección Imagen de Chile | |
| 583 | |a last modification |c 20180514 10:22:58 |k Rodrigo Vera | ||
| 650 | 0 | |a REFORMA AGRARIA |z CHILE |9 256789 | |
| 650 | 0 | |a Derecho y legislación |z CHILE |9 255077 | |
| 650 | 0 | |a Agricultura |x CONDICIONES ECONOMICAS |z CHILE |9 255598 | |
| 700 | |a Guerrero Yoacham, Cristián |e autor |9 618170 | ||
| 700 | 0 | |a Valdés Leal, María Soledad |e author |9 301184 | |
| 852 | |a BIBCUR | ||
| 942 | |c BK |2 ddc | ||
| 945 | |d 19881221 00:00:00 |a aalvarez | ||
| 952 | |0 0 |1 0 |2 ddc |4 0 |6 333_318300000000000_GAR_1988 |7 0 |8 A |9 194686 |a BIBHIS |b BIBHIS |d 2019-11-14 |i 2628392 |o 333.3183 GAR 1988 |p 2628392 |r 2025-01-20 |t 2 |w 2019-11-14 |y BK |k HIS | ||